[Event "UZB-ch Men 2021"]
[Site "Tashkent"]
[Date "2021.04.20"]
[Round "4.4"]
[White "Abdusattorov, Nodirbek"]
[Black "Vokhidov, Shamsiddin"]
[Result "1/2-1/2"]
[WhiteElo "2627"]
[BlackElo "2529"]
[Annotator "TA"]
[PlyCount "162"]
[EventDate "2021.04.17"]
[EventType "tourn"]
[EventCountry "UZB"]
[SourceTitle "playchess.com"]
[Source "ChessBase"]
[SourceQuality "1"]

{[%evp 9,161,10,15,8,1,0,0,0,-6,0,0,0,0,-13,-12,-8,-6,0,0,-3,-4,-13,-14,-16,-9,-27,-17,-38,-41,-40,0,-13,0,-36,-29,-29,-31,-27,0,-26,-31,-37,-37,-43,-52,-43,-53,-50,-46,-44,-54,-59,-56,-95,-96,-139,-100,-108,-98,-85,-85,-98,-79,-172,-60,-79,-60,-63,-52,-51,-43,-97,-69,-85,-60,-87,-70,-124,-125,-123,-124,-129,-98,-116,-99,-128,-123,-237,-237,-237,-237,-237,-237,-237,-237,-237,-237,-237,-156,-156,-52,-52,-52,-46,0,0,0,0,0,0,0,0,0,0,0,0,0,-6,0,-13,-13,-31,-38,-79,0,-72,0,-72,-79,-79,0,-79,-79,-94,-79,-94,0,0,0,0,0,0,0,-178,-178,-178,-178,-178,-178,-178,-178,-178,0,0]} 1. e4 c5 2. Nf3 e6 3. g3 Nc6 4. Bg2 Nf6 5. Qe2 e5 6. O-O {B40: Sicilian: 2...e6, Unusual lines.} Be7 7. c3 O-O 8. Na3 Re8 9. d3 h6 10. Nc4 Bf8 11. Ne3 d5 12. exd5 Nxd5 13. Nxd5 Qxd5 14. Nd2 Qd8 15. Nc4 Bf5 16. Be4 Qd7 {[#]} 17. a4 $146 ({Predecessor:} 17. Ne3 Bh3 18. Rd1 f5 19. Bf3 Rad8 20. b3 g6 21. Bb2 b5 22. Qc2 Bg7 23. a4 {0-1 (65) Prueske,W (2046)-Kavutskiy,K (2390) Douglas 2017}) 17... Rad8 18. a5 Bg4 19. Qc2 Be6 (19... f5 $5 {[%cal Rf5e4]} 20. Bg2 f4 $11) 20. Qa4 Rb8 21. f4 exf4 22. Bxf4 Rbc8 23. a6 bxa6 24. Rfe1 g5 25. Be3 Bd5 26. Bf2 Bxe4 27. Rxe4 Rxe4 28. dxe4 Re8 29. Rd1 Qg4 30. h3 Qf3 ({Don't play} 30... Qxe4 $6 31. Re1 $14) 31. Nd2 Qe2 32. Nc4 {Black must now prevent Re1.} Rxe4 33. Re1 Qf3 ({Reject} 33... Rxc4 $6 34. Qxa6 Nb8 35. Qb5 $11) 34. Rxe4 Qxe4 35. Qxa6 Ne7 36. Qb5 (36. Nd2 $17 Qc2 37. Nf1) 36... Nf5 (36... Ng6 $1 $19 37. Nd2 Qc2) 37. Nd2 $1 $15 {[%cal Rd2e4]} Qc2 38. Nf1 Nd6 39. Qxc5 Qxb2 40. Qxa7 (40. Qe5 $15) 40... Qxc3 41. Qa8 Qc2 42. Bd4 Ne4 43. Qd5 (43. g4 $15) 43... Nc3 $17 44. Bxc3 Qxc3 45. Qd8 Qf3 46. Qb8 Qe2 47. Qd8 Qe4 48. Qc8 (48. Kh2 $17 {might work better.}) 48... Qd4+ $19 49. Kg2 Kg7 50. Qc2 Bc5 51. Qe2 h5 $1 52. g4 h4 53. Kf3 Qd5+ 54. Qe4 Qb3+ (54... Qd1+ $17 55. Kg2 Qc1) 55. Ne3 $15 {Qe5+ is the strong threat.} Qc3 56. Ke2 Bxe3 (56... Qb2+ {looks sharper.} 57. Kf3 Qf6+ 58. Ke2 Qc3 59. Qe8 Qb2+) 57. Qxe3 {[%mdl 4096] Endgame KQ-KQ} Qf6 58. Kd3 Qf1+ (58... Kg6 {looks sharper.} 59. Qe4+ Kh6 60. Kc4 Qf1+ 61. Kd4 Qg1+) 59. Kd4 Qd1+ (59... f6 {feels hotter.} 60. Qe7+ Kg6 61. Qe8+ Kh6 62. Qh8+ Kg6) 60. Ke4 (60. Kc3 {is more complex.} Qa1+ 61. Kd3 Qa3+ 62. Ke4 Qa5 63. Qd4+) 60... Qb1+ (60... f6 {with more complications.} 61. Qa7+ Kg6 62. Qb8 Qe2+ 63. Kd5 Qd3+) 61. Kd4 Qb6+ (61... f6 {looks sharper.} 62. Qe7+ Kg6 63. Qe8+ Kg7 64. Qe7+) 62. Kd3 Qb5+ 63. Kd4 Kf6 (63... Qd7+ {seems wilder.} 64. Ke4 Kg6 65. Kf3 Qc7 66. Ke2 Qc2+) 64. Qf2+ Kg6 {( -> ...Qb6+)} 65. Qc2+ Kg7 {Threatens to win with ...Qb6+.} 66. Qc3 Qf1 {Strongly threatening ...Qf6+.} (66... Qb6+ {is interesting.} 67. Kd3+ f6 68. Ke2 Qe6+ 69. Kf2 Qd6) 67. Qe3 {[#]} Qd1+ (67... Qa1+ $1 $17 68. Kd5 Qa5+ 69. Kc6 Qd8) 68. Kc4 (68. Ke4 $1 $11) 68... Qa4+ $17 69. Kd3 Qb5+ (69... Qa6+ {seems wilder.} 70. Kc3 Qa3+ 71. Kd2 Qd6+ 72. Ke2 Kh6) 70. Kd4 Qd7+ 71. Ke4 Kg6 (71... f6 {is more complex.} 72. Kf3 Qd1+ 73. Kg2 Qd6 74. Kf2 Qh2+) 72. Qd3 f5+ ({Better is} 72... Qe7+ $17 73. Kd5+ Kg7) 73. gxf5+ $11 Qxf5+ 74. Ke3 Qxd3+ 75. Kxd3 {KPP-KP} g4 (75... Kg7 {keeps more tension.} 76. Ke3 Kf6 77. Ke4 Ke6 78. Kf3 Ke5) 76. Ke3 $2 {[#]} (76. Ke2 $1 $11 {and White stays safe.}) 76... g3 $1 $19 ({Worse is} 76... gxh3 77. Kf2 $11) 77. Kf3 Kf5 {And now ...Ke5 would win.} 78. Kg2 Kf4 79. Kf1 Kf3 80. Kg1 g2 $2 (80... Ke4 $19 {Hoping for ...Ke3.} 81. Kf1 Kd3) 81. Kh2 $11 Kf2 {Weighted Error Value: White=0.12/Black=0.12} 1/2-1/2

[Event "UZB-ch Men 2021"]
[Site "Tashkent"]
[Date "2021.04.20"]
[Round "4.5"]
[White "Saydaliev, Saidakbar"]
[Black "Vakhidov, Jakhongir"]
[Result "0-1"]
[WhiteElo "2385"]
[BlackElo "2533"]
[Annotator "TA"]
[PlyCount "98"]
[EventDate "2021.04.17"]
[EventType "tourn"]
[EventCountry "UZB"]
[SourceTitle "playchess.com"]
[Source "ChessBase"]
[SourceQuality "1"]

{[%evp 15,98,8,16,11,7,0,0,0,-3,-36,-37,-38,-22,-21,-10,-35,0,0,0,0,0,-22,-30,-31,-10,-13,-17,-88,-68,-60,-70,-94,0,0,16,22,18,0,0,0,0,0,0,0,0,0,0,-6,0,-41,11,7,22,16,80,86,87,76,112,72,61,18,36,36,36,6,23,0,0,0,0,0,0,-2,-3,-4,0,-12,0,0,0,0,103,-29994,-29995]} 1. e4 {RR} c5 2. Nf3 g6 3. d4 cxd4 4. Nxd4 Bg7 5. Nc3 Nc6 6. Be3 Nf6 7. Bc4 O-O 8. Bb3 a6 9. O-O {B35: Sicilian: Accelerated Dragon with 5 Nc3: main line.} d6 10. h3 Na5 11. Re1 {The position is equal.} b5 12. Bg5 Bb7 13. Qd3 Nxb3 14. axb3 h6 15. Bh4 (15. Bxf6 $5 Bxf6 16. Nd1 $11) 15... e6 16. b4 Qb6 17. Nb3 Rac8 {[%cal Ba8c8,Bc8c4,Bc4b4][%mdl 32]} 18. Rad1 Rfd8 {[#]} 19. Bg3 $146 ({Predecessor:} 19. Qe3 Qc7 20. f3 g5 21. Bf2 Nd7 22. h4 Bf6 23. hxg5 hxg5 24. f4 Bg7 25. fxg5 {1-0 (61) Philippe,C (2430)-Cabrera Pino,A (2529) Sautron 2009 EXT 2010 [RR]}) 19... Rc4 20. e5 Nh5 21. Na5 (21. Bh2 $1 $11 {remains equal.}) 21... Rxb4 $17 22. Nxb7 Qxb7 23. b3 {White wants to play Na2.} Nxg3 ({Better is} 23... Rc8 $1 $17 24. Na2 Rf4 $1 25. Bxf4 Nxf4) 24. fxg3 $11 Qb6+ 25. Kh2 Qa5 26. Ra1 Qc7 (26... Qb6 $5 27. Rad1 $8 Qa5 $11) 27. Rad1 $1 d5 28. Na2 Bf8 29. Re2 Rc8 30. Nxb4 Bxb4 31. Qe3 Bf8 32. Rf1 Bg7 (32... a5 $15) 33. b4 Rd8 34. c3 a5 (34... Rc8 $11) 35. bxa5 $16 Qxa5 {[#]} 36. Qc5 $1 Rd7 37. Qc8+ Qd8 38. Qc6 Qc7 39. Qxb5 Rd8 40. c4 {cxd5 is the strong threat.} Rb8 41. Qa4 dxc4 42. Rd2 {Hoping for Rd7.} Rf8 $1 ({And not} 42... Bxe5 43. Rd7 $18) 43. Rd7 $36 {[%mdl 2048] White is pushing.} Qc5 44. Rf4 c3 {aiming for ...c2.} 45. Rc4 Qxe5 46. Qa7 h5 47. h4 Bh6 48. Qb7 Qe1 (48... Bd2 $11 {keeps the balance.}) 49. Rcc7 $2 {[%mdl 8192]} (49. Qf3 $16) 49... Be3 {Weighted Error Value: White=0.28/Black=0.18} 0-1

[Event "UZB-ch Men 2021"]
[Site "Tashkent"]
[Date "2021.04.20"]
[Round "4.6"]
[White "Abdisalimov, Abdimalik"]
[Black "Sindarov, Javokhir"]
[Result "1-0"]
[WhiteElo "2392"]
[BlackElo "2544"]
[Annotator "TA"]
[PlyCount "63"]
[EventDate "2021.04.17"]
[EventType "tourn"]
[EventCountry "UZB"]
[SourceTitle "playchess.com"]
[Source "ChessBase"]
[SourceQuality "1"]

{[%evp 11,63,-8,-2,0,24,-9,8,4,12,8,16,0,8,0,21,8,29,0,100,88,104,111,114,96,109,113,108,104,108,121,117,118,123,122,149,74,70,54,69,66,56,65,61,78,335,347,536,533,535,538,671,631,668,667]} 1. e4 c5 2. Nf3 Nc6 3. Bb5 e6 4. Bxc6 bxc6 5. O-O Ne7 6. b3 Ng6 7. Ba3 {B30: Sicilian: 2...Nc6 3 Bb5, lines without ...g6.} d6 8. c3 (8. e5 $5) 8... e5 9. d4 {[#] The position is equal.} Bg4 $146 ({Predecessor:} 9... cxd4 10. cxd4 Bg4 11. dxe5 Nxe5 12. Nbd2 Be7 13. h3 Bh5 14. Qe2 O-O 15. g4 Nxf3+ 16. Qxf3 {0-1 (32) Felgaer,R (2364)-Uribe,M (2208) Oropesa del Mar 1999}) 10. dxc5 dxc5 11. Nbd2 Nf4 12. Re1 Qf6 13. Re3 $1 Rd8 14. Qf1 (14. Qc2 {is interesting.} Be6 15. g3 Nh3+ 16. Kg2 Be7 17. Nc4) 14... g5 (14... Bd6 $11 {keeps the balance.}) 15. Nc4 $16 Bxf3 16. Rxf3 ({Don't play} 16. gxf3 $6 h5 $15) 16... g4 17. Re3 Be7 18. Rd1 O-O 19. f3 Rxd1 20. Qxd1 Rd8 21. Qf1 Qg7 22. fxg4 h5 23. g3 (23. h3 $142) 23... Qxg4 24. Nxe5 {[%mdl 64] [#] Double Attack} Nh3+ 25. Kh1 Qe6 {Hoping for ...Rd1!} 26. Nf3 $36 {[%mdl 2048] White is pushing.} Rd1 27. Re1 Rd3 {[%mdl 8192] This costs Black the game.} 28. Ng1 $18 Nxg1 (28... Rd2 $142 29. Qxh3 Qxh3 30. Nxh3 Rxa2) 29. Qxd3 {White is clearly winning.} Nh3 {[#] And now ...Nf2+ would win.} 30. Qf3 Qd7 31. Bc1 Bg5 32. Qf5 {Weighted Error Value: White=0.07/Black=0.41} 1-0

[Event "UZB-ch Men 2021"]
[Site "Tashkent"]
[Date "2021.04.21"]
[Round "5.1"]
[White "Vakhidov, Jakhongir"]
[Black "Abdisalimov, Abdimalik"]
[Result "1-0"]
[WhiteElo "2533"]
[BlackElo "2392"]
[Annotator "TA"]
[PlyCount "41"]
[EventDate "2021.04.17"]
[EventType "tourn"]
[EventCountry "UZB"]
[SourceTitle "playchess.com"]
[Source "ChessBase"]
[SourceQuality "1"]

{[%evp 9,41,31,29,31,35,28,39,39,43,50,85,89,97,93,112,93,264,266,248,250,504,469,489,497,795,661,1835,1820,29983,29984,29984,1200,29985,29986]} 1. c4 b6 2. Nc3 Bb7 3. d4 e6 4. e4 Bb4 5. f3 Bxc3+ 6. bxc3 {A40: Unusual replies to 1 d4.} d6 7. Bd3 c5 8. Ne2 {White is slightly better.} Nc6 9. O-O {[#]} Nge7 $146 ({Predecessor:} 9... Na5 10. Ba3 Qd7 11. Nf4 Ne7 12. d5 e5 13. Nh5 O-O-O 14. f4 exf4 15. Nxf4 Ng6 16. Nxg6 hxg6 {½-½ (54) Marinsek,D (1816)-Urbanc,P (2309) Ljubljana 2018}) 10. f4 f5 11. d5 Na5 12. Ng3 $36 {[%mdl 2048] White is on the roll.} fxe4 $2 (12... Qd7 $16) 13. Nxe4 $18 exd5 14. cxd5 Bxd5 $2 (14... Nxd5 {was worth a try.} 15. Bb5+ Kf8) 15. f5 O-O 16. f6 Ng6 (16... Qd7 $142 17. fxe7 Qxe7) 17. Qh5 Ne5 {[#]} 18. Ng5 $1 {[%csl Gd3,Gg5][%cal Rh5h7]} h6 (18... Rxf6 19. Qxh7+) 19. Bh7+ Kh8 20. fxg7+ {[%mdl 64] Discovered Attack} Kxg7 {[#]} 21. Ne6+ $1 {[%mdl 512] Black did not feel at home in the position after the opening.  Weighted Error Value: White=0.13/Black=1.00} 1-0

[Event "UZB-ch Men 2021"]
[Site "Tashkent"]
[Date "2021.04.21"]
[Round "5.2"]
[White "Vokhidov, Shamsiddin"]
[Black "Saydaliev, Saidakbar"]
[Result "1-0"]
[WhiteElo "2529"]
[BlackElo "2385"]
[Annotator "TA"]
[PlyCount "67"]
[EventDate "2021.04.17"]
[EventType "tourn"]
[EventCountry "UZB"]
[SourceTitle "playchess.com"]
[Source "ChessBase"]
[SourceQuality "1"]

{[%evp 19,67,53,88,69,80,72,97,70,79,68,82,58,54,65,92,97,113,68,107,85,100,0,0,0,0,0,31,31,44,35,39,41,103,96,238,162,407,410,1602,1590,1606,1577,1582,1606,1561,1445,29979,3064,29980,29981]} 1. e4 c5 2. Nf3 g6 3. c3 Bg7 4. d4 cxd4 5. cxd4 Nf6 6. Nc3 O-O 7. Bd3 d6 8. h3 Nc6 9. O-O e5 {9...a6 is the fancy move.} 10. d5 Ne7 11. a4 {[%cal Ba2a4,Ba4a5][%mdl 32] B07: Pirc Defence: Miscellaneous Systems.} Nh5 12. a5 a6 13. Be3 {White is better.} Nf4 {[#]} 14. Bxf4 $146 ({Predecessor:} 14. Bc2 Bd7 15. Ba4 h6 16. Qb3 f5 17. Bxf4 exf4 18. e5 g5 19. Bxd7 Qxd7 20. Na4 {1-0 (42) Lehtivaara,R (2295)-Nokso Koivisto,A (2370) Tampere 1991}) 14... exf4 15. Qd2 g5 16. Nxg5 Ng6 17. Nf3 Kh8 18. Ne2 {[%cal Bc3e2,Be2d4,Bd4f3,Bf3e1][%mdl 32]} Qf6 19. Ned4 Rg8 20. Rac1 (20. Kh1 $16) 20... Nh4 $11 21. Nxh4 Qxh4 22. Nf3 Qh6 {[#] White must now prevent ...Bxh3.} (22... Qh5 $5 {[%cal Rc8h3]} 23. Qxf4 Bxh3 $11) 23. Kh2 Bf6 {( -> ...Rxg2+!)} 24. Rh1 Bg4 $1 {[%cal Rg4f3] Strongly threatening ...Bxf3.} 25. Be2 $36 {[%mdl 2048] White is pushing.} Rg7 ({Black should try} 25... Rg6 $14) 26. Kg1 $16 Bxh3 {Black cannot hold the game after this.} (26... Bh5 $16) 27. Ne1 {Threatens to win with Rc7.} Rag8 $2 {[#]} (27... Qg5 {was called for.} 28. Rxh3 f3 29. Qxg5 Bxg5) 28. Bf3 $1 $18 Bxg2 (28... Bd8 $142 29. Kf1 Bxg2+ 30. Bxg2 Qg5) 29. Rxh6 Bxf3+ 30. Kh2 Rg2+ 31. Nxg2 Rxg2+ 32. Kh3 Rg5 33. Qxf4 Bg2+ 34. Kh4 {Weighted Error Value: White=0.14/Black=0.87} 1-0

[Event "UZB-ch Men 2021"]
[Site "Tashkent"]
[Date "2021.04.21"]
[Round "5.3"]
[White "Abdurakhmonov, Mukhammadali"]
[Black "Abdusattorov, Nodirbek"]
[Result "0-1"]
[WhiteElo "2284"]
[BlackElo "2627"]
[Annotator "TA"]
[PlyCount "160"]
[EventDate "2021.04.17"]
[EventType "tourn"]
[EventCountry "UZB"]
[SourceTitle "playchess.com"]
[Source "ChessBase"]
[SourceQuality "1"]

{[%evp 9,160,22,87,0,0,0,5,2,11,0,0,0,59,58,92,45,60,3,1,-21,21,-25,-13,-75,-75,-85,-83,-81,-78,-81,-9,-14,0,0,0,0,0,-36,-28,-60,-43,-113,-112,-145,-126,-131,-135,-143,-104,-135,-45,-50,-50,-40,-42,-31,215,211,203,210,202,106,266,249,246,197,216,197,188,196,218,196,194,189,194,189,272,267,251,164,167,177,193,169,176,160,179,52,37,49,310,329,279,-832,-787,-636,-212,-234,-232,-231,-235,-211,-228,-223,-223,-225,-219,-277,-214,-413,-371,-5039,-344,-344,-344,-424,-323,-451,-435,-29973,-29975,-29975,-29976,-29976,-29977,-29977,-29978,-29979,-29980,-29980,-29981,-29981,-29982,-29982,-29983,-29983,-29984,-29984,-29985,-29985,-29986,-29986,-29987,-29987,-29988,-29988,-29989,-29989,-29990,-29990,-29991,-29991,-29992]} 1. d4 Nf6 2. c4 e6 3. Nc3 Bb4 4. Qc2 b6 5. e4 c5 6. dxc5 {E32: Nimzo-Indian: Classical (4 Qc2): 4...0-0.} (6. e5 $1 $16 {[%cal Re5f6]}) 6... Bb7 $11 7. Bd3 Bxc5 8. Nf3 {The position is equal.} Nc6 9. a3 Ng4 10. O-O {[#]} h5 $146 (10... Qb8 $11 11. g3 a5) ({Predecessor:} 10... Qb8 11. Ne2 Nce5 12. Nxe5 Nxe5 13. b4 Be7 14. Bf4 g5 15. Bg3 h5 16. h3 h4 {0-1 (33) Ostenstad,B (2442)-Urkedal,F (2548) Bergen 2018}) 11. Bf4 $14 a6 12. Ne2 Be7 13. Qd2 (13. h3 $14) 13... d6 $11 14. Bc2 Qc7 15. Rfd1 {[%cal Rf4d6]} Nce5 16. Nxe5 (16. b3 $11) 16... dxe5 $17 17. Bg5 f6 18. Be3 Rd8 19. Qc3 Kf7 (19... Rxd1+ $17 20. Rxd1 Nxe3 21. Qxe3 Qxc4) 20. Bd2 Bc5 21. Be1 Bd4 22. Qb3 Qc5 $1 {[%cal Rd4f2]} 23. Nxd4 exd4 (23... Rxd4 $6 24. h3 $16) 24. h3 Ne5 25. Bd3 (25. f4 $15 d3+ 26. Bf2 Qxc4 27. Qxc4 Nxc4 28. Rxd3) 25... g5 $1 26. Bb4 Qc6 27. Re1 g4 {And now ...gxh3 would win.} 28. h4 f5 29. Bd2 Rhe8 (29... Nxd3 $17 30. Qxd3 e5) 30. Bg5 $15 Nxd3 31. Qxd3 fxe4 32. Qd2 {[%cal Rd2f4] Hoping for Qf4+.} Qc5 $2 (32... Qxc4 $2 33. Qf4+ Kg8 34. Bf6 $18) (32... Rd7 $15 33. Qf4+ Kg8) 33. Qf4+ $18 (33. Bxd8 Rxd8 34. Qh6 Qf5 $14) 33... Kg8 34. Bxd8 Rxd8 35. Qf6 (35. b4 $1 $18 {[%cal Rb4c5]} Qe7 36. Qe5) 35... Qd6 (35... Rf8 $16 36. Qxe6+ Kg7) 36. Qg6+ Kf8 37. Qh6+ Kg8 38. Qxh5 Qf4 39. Qg6+ Kf8 40. Qh7 Qf7 41. Qh6+ Ke7 42. Rad1 d3 (42... g3 $142 43. Qg5+ (43. fxg3 Qf6 $18) 43... Qf6 44. Qxg3 e5) 43. Qe3 Rd6 44. c5 bxc5 45. Qxc5 Qf5 46. Qc3 Qf6 47. Qb4 Bc6 48. Rxe4 (48. Qa5 $18 Rd7 49. Qc5+ (49. Qxa6 Bb7 $16) 49... Rd6 50. Qh5) 48... a5 $14 49. Qc4 g3 {[%mdl 8192]} (49... Bxe4 $14 50. Qxe4 Qxb2) 50. Rf4 $18 (50. fxg3 Qxb2 51. Kh2 Bxe4 $14) 50... Qe5 {intending ...a4.} 51. Qc1 $4 {[%mdl 8192]} ({Not} 51. fxg3 $2 Qe2 $19) (51. b3 $18) 51... d2 $1 $19 {[%cal Rd2c1]} 52. Qc4 {[#]} Qe1+ $2 $40 {[%mdl 128] Black wants a kill.} (52... Rd4 $3 {[%mdl 512]} 53. Rxd4 Qe1+ {[%mdl 64] Double Attack} 54. Qf1 gxf2+ 55. Kh2 (55. Kh1 $2 Bb5 $19 {[%mdl 64] Pin}) 55... Qe5+ {[%mdl 64] Double Attack} 56. Kh3 Qe3+ 57. g3 Qxd4) 53. Qf1 Qxf1+ 54. Kxf1 {[%mdl 4096] Endgame KRR-KRB} Bb5+ 55. Kg1 Be2 56. Rxd2 Rxd2 {[%cal Rd2d1]} 57. fxg3 Rxb2 {KRB-KR} 58. g4 e5 59. Ra4 (59. Re4) 59... Bb5 60. Re4 (60. Rxa5 Kd6 61. Ra8) 60... Ke6 $2 (60... Re2 61. Rxe2 Bxe2) 61. Re3 Bc6 62. g3 Ba4 63. Rc3 Rb3 64. Rxb3 (64. Rc5 $19 Rxg3+ 65. Kf2 Rxg4 66. h5) 64... Bxb3 {KB-KP. Black mates.} 65. Kf2 Bd1 66. g5 Bh5 67. Ke3 Kd5 68. Kd3 e4+ 69. Ke3 a4 70. g4 Bxg4 {KB-K3P} 71. g6 Ke5 72. g7 Be6 73. h5 Bg8 74. h6 Bh7 75. Ke2 Kf4 76. Kf2 e3+ 77. Ke2 Ke4 78. Ke1 Kf3 79. Kf1 e2+ 80. Ke1 {[#]} Bg8 $1 {Weighted Error Value: White=0.52/Black=0.47} ({Weaker is} 80... Ke3 81. g8=B $11) 0-1

[Event "UZB-ch Men 2021"]
[Site "Tashkent"]
[Date "2021.04.21"]
[Round "5.4"]
[White "Rakhmatullaev, Almas"]
[Black "Shermuhammadov, Samandar"]
[Result "1-0"]
[WhiteElo "2190"]
[BlackElo "2063"]
[Annotator "TA"]
[PlyCount "116"]
[EventDate "2021.04.17"]
[EventType "tourn"]
[EventCountry "UZB"]
[SourceTitle "playchess.com"]
[Source "ChessBase"]
[SourceQuality "1"]

{[%evp 13,116,-29,-17,-45,-28,-38,-25,-13,-8,-14,75,43,47,33,41,10,32,49,54,37,35,23,1,0,70,58,85,89,81,47,45,59,68,76,61,81,154,149,121,0,0,-10,211,177,318,0,0,0,72,80,95,86,73,51,115,113,285,294,285,288,253,270,240,247,243,148,398,393,541,470,438,377,378,385,405,395,400,372,418,399,516,492,571,497,448,448,948,940,920,901,1684,1635,1710,1705,1558,877,1397,1437,1595,1425,6490,6410,29984,29984,6111]} 1. e4 e5 2. Nf3 Nf6 3. Nc3 d6 4. d4 Nbd7 5. Bg5 c6 6. Qd2 Be7 7. O-O-O O-O 8. Bxf6 {C41: Philidor Defence.} Bxf6 9. g4 {[#]} exd4 $146 ({Predecessor:} 9... a5 10. h4 b5 11. g5 Be7 12. Bh3 Nb6 13. dxe5 Bxh3 14. Rxh3 Qc8 15. Rg3 Nc4 {0-1 (29) Zminda,B (1984)-Sernecki,F (1929) Poland 2014}) 10. Nxd4 {Black has an edge.} Ne5 11. h3 $1 d5 (11... Ng6 $11 12. Kb1 Bg5) 12. Kb1 dxe4 13. Nxe4 Ng6 14. Qe3 Be5 (14... Be6 $5) 15. Bc4 {And now Ne6! would win.} Qb6 16. c3 a5 17. f3 Bf4 18. Qe2 a4 ({Black should play} 18... Ne5 $11) 19. a3 $1 $14 c5 20. Nf5 Be6 21. Bxe6 fxe6 22. Nfd6 Ne5 {[#]} 23. Ng5 $1 Qb3 24. h4 Ra6 (24... Rad8 $142) 25. Nge4 $16 Rc6 26. Rhf1 (26. h5 $16) 26... Rd8 $11 27. g5 c4 $2 (27... Kf8 $1 $11 {and Black has nothing to worry.}) 28. Rd4 $1 $18 Nf7 {[#]} (28... Kf8 $142) 29. Nxf7 $2 (29. Nf5 $1 $18 {[%cal Rf5e7][%mdl 512]} Re8 (29... Rxd4 30. Nxd4) 30. Nxg7 $1 {[%mdl 512]} Kxg7 31. Nf6) 29... Rxd4 $11 30. cxd4 {Threatens to win with Nc5.} Kxf7 (30... c3 $1 $11 31. Nxc3 (31. Nc5 $2 Rxc5 32. Qc2 Qc4 $19) 31... Rxc3) 31. Nc3 $1 $16 Rb6 32. Ka1 Bd6 33. Rc1 Bf4 {Black is on the road to losing.} (33... Bxa3 $14 34. bxa3 Qxa3+ {[%mdl 64] Double Attack} 35. Na2 Qb3) 34. Rc2 $1 Kf8 $2 (34... Bd6 $16) 35. d5 $18 Kf7 {With the idea ...exd5.} 36. Kb1 {Qe4 is the strong threat.} exd5 {[#] aiming for ...Re6.} 37. Qd1 $1 {[%cal Rd1d5]} (37. Nxd5 {[#]} Re6 $1 $11) 37... Re6 ({Of course not} 37... Rd6 38. Qd4 $18) 38. Qxd5 {White threatens Re2 and mate.} Ke7 {White must now prevent ...Re1+.} 39. Ne4 Qd3 $2 (39... c3 $16 40. Qf5 Bb8 41. Qxh7 (41. Rxc3 Qd1+ 42. Rc1 Qd3+ 43. Ka1 b6 $16) 41... Be5) 40. Qxb7+ Kf8 41. Qc8+ {[%mdl 64] Double Attack} Kf7 {intending ...Qd1+.} 42. Qxc4 Qxc4 43. Rxc4 {[%mdl 4096] Endgame KRB-KRN} Kg6 44. Rxa4 Kh5 45. Kc2 Rc6+ 46. Kd3 Kxh4 47. Rc4 Rb6 48. b4 {[%cal Bb2b4,Bb4b5][%mdl 32]} Bxg5 49. a4 {[%cal Ba3a4,Ba4a5,Ba5a6,Ba6a7][%mdl 32]} Be7 (49... Rb8 $142 50. a5 Bf4) 50. a5 Rb8 51. b5 Bd8 52. a6 Kh3 53. Nd6 Be7 54. Nb7 g5 55. Rc7 Re8 56. a7 h5 {[#]} 57. Rxe7 $1 {[%mdl 512]} Rf8 (57... Rxe7 58. a8=Q) 58. Nd6 g4 {Weighted Error Value: White=0.21/Black=0.60} 1-0